|
|
|
|
| LEADER |
00882cam a2200265 7i4500 |
| 001 |
0000100672 |
| 005 |
20130321090000.0 |
| 008 |
130321c1992 dk a q eng |
| 022 |
# |
# |
|a 09066691
|
| 022 |
# |
# |
|a 16000633 (Online)
|
| 090 |
0 |
0 |
|a QL 624
|b .E2
|
| 222 |
0 |
0 |
|a Ecology of freshwater fish
|
| 245 |
0 |
0 |
|a Ecology of freshwater fish.
|
| 260 |
# |
# |
|a Copenhagen:
|b Munksgaard,
|c 1992-
|
| 300 |
# |
# |
|a v.:
|b ill.;
|c 28 cm.
|
| 500 |
# |
# |
|a Library has Vol. 11 no.1 Mar 2002-
|
| 530 |
# |
# |
|a Also issued online.
|
| 650 |
0 |
0 |
|a Freshwater fishes --
|x Periodicals
|
| 650 |
0 |
0 |
|a Freshwater fishes --
|x Ecology --
|x Periodicals
|
| 650 |
0 |
0 |
|a Fisheries --
|x Periodicals
|
| 776 |
0 |
8 |
|i Online version
|t Ecology of freshwater fish
|
| 856 |
0 |
# |
|u http://onlinelibrary.wiley.com/journal/10.1111/(ISSN)1600-0633/issues
|
| 999 |
|
|
|a 1100088765
|b Jurnal
|c Jurnal Berjilid
|e STACKROOM 1
|